000 nam a22 7a 4500
999 _c126178
_d126178
008 170222b xxu||||| |||| 00| 0 eng d
050 _aBT83.57.S677
100 _aSobrino, Jon
_914830
245 _aThe Crucified Peoples
_cJon Sobrino
260 _aLondon
_bCIIR
_c1989
300 _a10p. ;
_c21cm.
440 _aThird world theology
_928950
650 _aLiberation theology
_928952
942 _2lcc
_cMONOGRAPH